000 00635cam a2200229 i 4500
001 1357286
003 GBCCL
005 20241126110338.0
008 800604s1980 nyu 000 0deng
010 _a 80108234
040 _aDLC
_cDLC
_dDLC
050 0 0 _aBV220
_b.U54
082 0 0 _a248.32
_bUNL
245 0 4 _aThe Unlimited power of prayer.
260 _aCarmel, N.Y. :
_bGuideposts,
_cc1980.
300 _a321 p. ;
_c22 cm.
500 _a"A Guideposts anthology."
650 0 _aPrayer
_xChristianity.
_9227
730 0 _aGuideposts (Pawling, N.Y.)
_9622
906 _a7
_bcbc
_corignew
_d2
_encip
_f19
_gy-gencatlg
942 _2ddc
_cBK
_01
999 _c430
_d430